Large-eddy simulation of the flow around a controlled diffusion airfoil (Record no. 290106)
[ view plain ]
| 000 -LEADER | |
|---|---|
| fixed length control field | 00334 a2200097 4500 |
| 001 - CONTROL NUMBER | |
| control field | 55033 |
| 090 ## - LOCALLY ASSIGNED LC-TYPE CALL NUMBER (OCLC); LOCAL CALL NUMBER (RLIN) | |
| -- | 34134 |
| -- | 34134 |
| 100 ## - MAIN ENTRY--PERSONAL NAME | |
| Personal name | Omer Ameen Qazi Wing Commander |
| 245 ## - TITLE STATEMENT | |
| Title | Large-eddy simulation of the flow around a controlled diffusion airfoil |
| 260 ## - PUBLICATION, DISTRIBUTION, ETC. | |
| Place of publication, distribution, etc. | UK |
| Name of publisher, distributor, etc. | Uni of Manchester, Institute of Science & Technology, UK |
| Date of publication, distribution, etc. | 2004 |
| 942 ## - ADDED ENTRY ELEMENTS (KOHA) | |
| Institution code [OBSOLETE] | NUST-CAE |
| Koha item type | |
| -- | |
| Withdrawn status | Lost status | Damaged status | Not for loan | Collection code | Permanent Location | Current Location | Date acquired | Total Checkouts | Barcode | Date last seen | Price effective from | Koha item type |
|---|---|---|---|---|---|---|---|---|---|---|---|---|
| College of Aeronautical Engineering (CAE) | College of Aeronautical Engineering (CAE) | 04/03/2017 | CAEG-5821 | 04/05/2017 | 04/05/2017 | Book |
